Súhrnné hodnotenie finančno-ekonomickej situácie firmy a predikcia jej finančnej budúcnosti

Metódy bodového hodnotenia. Metódy založené na aplikácii metód matematickej štatistiky. Predikcia finančnej budúcnosti analyzovanej firmy. Altmanov index finančného zdravia. Index bonity.

Na minha lista:
Detalhes bibliográficos
Autor principal: Zalai, Karol
Formato: Capítulo de Livro
Idioma:eslovaco
Assuntos:
Tags: Adicionar Tag
Sem tags, seja o primeiro a adicionar uma tag!

MARC

LEADER 00000naa a2200000 4500
001 r021293
005 20230912111228.4
041 0 |a slo 
044 |a SK 
245 1 0 |a Súhrnné hodnotenie finančno-ekonomickej situácie firmy a predikcia jej finančnej budúcnosti  |c Karol Zalai 
520 |a Metódy bodového hodnotenia. Metódy založené na aplikácii metód matematickej štatistiky. Predikcia finančnej budúcnosti analyzovanej firmy. Altmanov index finančného zdravia. Index bonity. 
610 2 0 |a analýza finančná 
610 2 0 |a rozbory činnosti hospodárskej 
610 2 0 |a hospodárenie podnikové 
610 2 0 |a ukazovatele finančné 
610 2 0 |a firmy 
610 2 0 |a bonita 
610 2 0 |a metódy ekonomicko-matematické 
100 1 |a Zalai, Karol